Statistics for Flags of North America

Click here to take the quiz!

General Stats

  • This quiz has been taken 12,413 times
  • The average score is 18 of 23

Answer Stats

Answer% Correct
Canada
100%
United States
100%
Mexico
99%
Jamaica
91%
Cuba
83%
Panama
83%
Barbados
79%
Honduras
79%
Costa Rica
76%
Dominican Republic
76%
Guatemala
76%
Bahamas
72%
Belize
72%
St Lucia
72%
Trinidad and Tobago
71%
El Salvador
70%
Haiti
70%
Nicaragua
70%
Antigua and Barbuda
68%
Dominica
68%
St Vincent and the Grenadines
65%
St Kitts and Nevis
63%
Grenada
62%

Score Distribution

Percentile by Number Answered

Percent of People with Each Score

Your Score History

You have not taken this quiz